| 000 | 03082nam a2200457 c 4500 | ||
|---|---|---|---|
| 003 | BLK | ||
| 005 | 20250730135928.0 | ||
| 008 | 180408b bul|||||r ||||||| ||bul|| | ||
| 010 | _aKNG00055635000 | ||
| 020 | _a978-954-23-0487-6 | ||
| 040 | _aBLK | ||
| 041 |
_aBUL _cBUL _hENG |
||
| 080 |
_aВисше образование. Висши учебни заведения _b378 _x.014.544:681.3(063) _z378.014.544:681.3(063) |
||
| 080 |
_aОрганизация и структура на учебния процес - Записване. Такси. Планиране на следването. Семестри. Продължителност, методи и форми на преподаване и др. _b378.14 _x.04(063) _z378.14.04(063) |
||
| 139 |
_aНационална конф. с междунар. участие по електронно обучение във висшето образование. Свищов _bН 33 |
||
| 245 | 1 | 0 |
_aТрета национална конференция с международно участие по електронно обучение във висшето образование, Свищов, 15-17 май 2009 г. _bСб. докл. : Т.1 - _cпод ред. на Андрей Боянов Захариев. _nТ. 2 |
| 246 | 1 | 1 | _aThe Third National Conference with International Participation on e-Learning in Higher Education, Svishtov, Bulgaria, 15-17 May 2009 |
| 257 | _aBGR | ||
| 260 |
_aСвищов _bАкад. изд. "Ценов" _c2010 _9391004 |
||
| 300 | _c23 см | ||
| 380 | _a3 | ||
| 500 | _aПарал. загл. на англ. ез. - Изд. Нац. център за дистанционно обучение, Стоп. акад. "Д. А. Ценов" - Свищов. - Офс. изд. | ||
| 650 | 4 |
_aОбучение - автоматизация _9278072 |
|
| 650 | 4 |
_aИнформационни и комуникационни технологии - приложение - в образование и просвета _9245692 |
|
| 650 | 4 |
_aОбучение, дистанционно _9277189 |
|
| 653 | _aобучение | ||
| 653 | _aинформационни технологии | ||
| 653 | _aкомуникационни технологии | ||
| 653 | _aдистанционно обучение | ||
| 653 | _aконференции | ||
| 700 | 1 |
_aЗахариев, Андрей Боянов _eпод ред. на _9365704 |
|
| 710 | 1 |
_aНационална конф. с междунар. участие по електронно обучение във висшето образование. Свищов _9283994 |
|
| 760 | 1 |
_dАкад. изд. Д. А. Ценов, 2010 _h447 с. : табл., диагр. _nТекст и на англ. ез. - Библиогр. след отд. доклади и под линия ; Рез. на англ. ез. _tТ. 2 |
|
| 852 | _aЦб 215257 | ||
| 856 | 4 | _qpdf | |
| 856 | 4 | _qpdf | |
| 942 |
_cKNG _n0 |
||
| 944 |
_aCR _c31.08.2011 _lВася Ганчева _k30549 |
||
| 944 |
_aED _c31.01.2013 _lф / |
||
| 999 |
_c51721 _d51721 |
||
| 999 | _d51721 | ||